000 00343nam a2200145 4500
008 180724s1994||||xo d
245 1 0 _aRodinný lekár - domáci poradca
250 _a1. vydanie
260 _bOsveta
_aMartin
_c1994
300 _a320 s.
020 _a80-217-0415-2
_c0
041 1 _aslo
044 _axo
_cSK
958 _aAPR
999 _c21715
_d21715